书目信息 |
| 题名: |
风雨飘摇
|
|
| 作者: | 十年砍柴 著 | |
| 分册: | ||
| 出版信息: | 北京 中国画报出版社 2025.03 |
|
| 页数: | 336页 | |
| 开本: | 21cm | |
| 丛书名: | ||
| 单 册: | ||
| 中图分类: | K820.52 | |
| 科图分类: | ||
| 主题词: | 历史人物--生平事迹--中国--清后期 | |
| 电子资源: | ||
| ISBN: | 978-7-5146-2508-0 | |
| 000 | 00858nam0 2200229 450 | |
| 001 | 013553162 | |
| 005 | 20251022202550.64 | |
| 010 | @a978-7-5146-2508-0@dCNY58.00 | |
| 100 | @a20250414d2025 em y0chiy0120 ea | |
| 101 | 0 | @achi |
| 102 | @aCN@b110000 | |
| 105 | @ay z 000yd | |
| 106 | @ar | |
| 200 | 1 | @a风雨飘摇@9feng yu piao yao@e晚清名臣立身处世之道@f十年砍柴著 |
| 210 | @a北京@c中国画报出版社@d2025.03 | |
| 215 | @a336页@d21cm | |
| 330 | @a本书依托于晚清历史背景,描述了曾国藩、胡林翼、左宗棠、郭松焘、曾国荃、魏光焘、曾纪泽、刘锦棠、夏瑚等这些历史长河中耀眼人物身上诸多鲜为人知的故事和细节,深剖湖湘士人兴起之路,细说他们的生活故事,深挖逸事趣闻。 | |
| 606 | 0 | @a历史人物@x生平事迹@y中国@z清后期 |
| 690 | @aK820.52@v5 | |
| 701 | 0 | @a十年砍柴@9shi nian kan chai@4著 |
| 801 | 0 | @aCN@c20250909 |
| 905 | @a河南城建学院图书馆@dK820.52@eS512@ZS512@f1 | |
| 风雨飘摇:晚清名臣立身处世之道/十年砍柴著.-北京:中国画报出版社,2025.03 |
| 336页;21cm |
| ISBN 978-7-5146-2508-0:CNY58.00 |
| 本书依托于晚清历史背景,描述了曾国藩、胡林翼、左宗棠、郭松焘、曾国荃、魏光焘、曾纪泽、刘锦棠、夏瑚等这些历史长河中耀眼人物身上诸多鲜为人知的故事和细节,深剖湖湘士人兴起之路,细说他们的生活故事,深挖逸事趣闻。 |
| ● |
| 相关链接 |
|
|
|
正题名:风雨飘摇
索取号:K820.52/S512
 
预约/预借
| 序号 | 登录号 | 条形码 | 馆藏地/架位号 | 状态 | 备注 |
| 1 | 1633140 | 216331404 | 社科库309/309社科库 44排7列2层/ [索取号:K820.52/S512] | 在馆 |